000 00883nac a22002897a 4500
001 BR7575161
003 BR-BrBNA
005 20240105113906.0
008 230509b bl.|||m| |||| 00| 0 por d
040 _aBR-BrBNA
_bpor
_cBiblioteca Nacional de Agricultura
072 _aE70
090 _aE70 BR7575161
110 1 _aMinisterio das Relacoes Exteriores, Brasilia, DF (Brasil). Depto. de Promocao Comercial
_97087
245 1 _aChile: maquinas e implementos agricolas [Mercado; Preco]
260 3 _aBrasilia, DF (Brasil):
_c1974.
300 _a75 p.
490 _aMercados para o Brasil (Brazil)
_vno. 20
_x
500 _a18 tables
650 _aComercializacao
650 _aMaquina agricola
650 _aImplemento agricola
650 _aMercado
650 _aPreco
650 _aChile
909 _a202312
_bLúcia Elande
_c55
_dLúcia Elande
942 _2AGRIS
_n0
_cMS
999 _c266184
_d266184